000 00487nam a22001817a 4500
003 CEME
005 20210628210531.0
008 210201b xxu||||| |||| 00| 0 eng d
020 _a969-448-022-1
040 _c.
082 _a297.19785 ELI
100 _aKhurshid Ahmad
_91618
245 _aElimination of riba from the economy
260 _aLAHORE
_bINSTITUTE OF POLICY STUDIES
_c1995
300 _a415P
650 _aELIMINATION OF RIBA FROM THE ECONOMY
_979832
942 _cBK
_2ddc
999 _c584825
_d584825